00290nam a2200121Ia 4500008004100000082001600041100001800057245002800075250001200103260003700115300000800152650000800160191201s2009 xx 000 0 und d a658.84bCHS aCHOPRA, Sunil 0aSupply Chain Management aIMP 4th aN.DelhibPearson Educationc2009 a643 aMBA